ANTOLOGI KERUSI (Record no. 61679)

000 -LEADER
fixed length control field 00491nam a22001937a 4500
003 - CONTROL NUMBER IDENTIFIER
control field MPLRDC
005 - DATE AND TIME OF LATEST TRANSACTION
control field 20220104181854.0
008 - FIXED-LENGTH DATA ELEMENTS--GENERAL INFORMATION
fixed length control field 210129b ||||| |||| 00| 0 eng d
020 ## - INTERNATIONAL STANDARD BOOK NUMBER
International Standard Book Number 983-62-6972-X
082 ## - DEWEY DECIMAL CLASSIFICATION NUMBER
Classification number 524.953 DEP 2000
100 ## - MAIN ENTRY--PERSONAL NAME
Personal name 不详
245 ## - TITLE STATEMENT
Title ANTOLOGI KERUSI
Statement of responsibility, etc.
250 ## - EDITION STATEMENT
Edition statement 初版
260 ## - PUBLICATION, DISTRIBUTION, ETC.
Place of publication, distribution, etc.
Name of publisher, distributor, etc. DEWAN BAHASA DAN PUSTAKA
Date of publication, distribution, etc. 2000
300 ## - PHYSICAL DESCRIPTION
Other physical details
490 ## - SERIES STATEMENT
Series statement TEKS KESUSASTERAAN MELAYU SEKOLAH MENENG
650 ## - SUBJECT ADDED ENTRY--TOPICAL TERM
Topical term or geographic name entry element 自修用书
942 ## - ADDED ENTRY ELEMENTS (KOHA)
Koha item type Book
-- 524.953 DEP 2000
Holdings
Withdrawn status Lost status Source of classification or shelving scheme Damaged status Not for loan Collection code Home library Current library Shelving location Date acquired Cost, normal purchase price Total Checkouts Full call number Barcode Date last seen Date last checked out Price effective from Koha item type Public note
            Malaysian Public Library, Research and Development Centre Malaysian Public Library, Research and Development Centre   10/12/2007 5.70   524.953 DEP 2000 M0002238 18/03/2021 07/11/2013 18/03/2021 Book mplrdc

© 2022. Malaysian Public Library, Research and Development Centre. All Right ReservedE-mailmplrdc@help.edu.my 

Powered by Koha